000 00502nam a2200193 a 4500
001 1757137942830
003 YourLibrary
005 20250908142701.0
008 250906s1987##################000#0#eng##
020 _a9780521270397
082 0 4 _a128.3
_bHOL
100 1 _aHollis, Martin,
_eauthor.
245 1 0 _aThe Cunning of Reason :
260 _bCambridge University Press,
_c1987.
300 _a236 pages
650 0 _aPhilosophy.
942 _cENGLISH
040 _aYourLibrary
_beng
_cYourLibrary
999 _c585864
_d585864